000 01048nac a22002771ca4500
001 a987692779
008 190924s2018 gw |||| 000u ger d
020 _a9783837514902
_9978-3-8375-1490-2
041 _ager
100 1 _aBertleff, Ingrid
245 0 0 _aRusslanddeutsche Lieder :
_bGeschichte - Sammlung - Lebenswelten /
_cIngrid Bertleff, Eckhard John, Natalia Svetozarova ; Institut für Russische Literatur (Puškinskij Dom) der Russischen Akademie der Wissenschaften (St. Petersburg), Albert-Ludwigs-Universität Freiburg
264 _aEssen :
_bKlartext,
_c2018
300 _a2 Bände
650 0 _aRusslanddeutsche
650 0 _aLied
650 0 _aVolkslied
700 1 _aJohn, Eckhard
_eHerausgeberIn
700 1 _aSvetozarova, Natalija Dmitrievna
_eMitarbeiterIn
710 2 _aInstitut Russkoj Literatury
710 2 _aAlbert-Ludwigs-Universität Freiburg
942 _cMG
040 _cRU-10907106
003 RU-10907106
999 _c29547
_d29547
490 0 _aVeröffentlichungen zur Kultur und Geschichte im östlichen Europa
_v52